000 00631nam a2200229Ia 4500
005 20240409090414.0
008 140110s9999 xx 000 0 und d
020 _a9788120339927
_cRs.495.00
040 _aLoreto College
041 _aEnglish
082 _a519.535
_bJOH
100 _aJohnson,Richard A.
245 _aApplied multivariate statistical analysis
_cRichard A.Johnson and Dean W.Wichern
250 _a5th ed.
260 _aNew Delhi
_bPHI Learning
_c2009
300 _axviii,767p
_bcd
504 _aIncludes index
650 _aStatistics
700 _aWichern,Dean W.
_4Auth
850 _aLCLIB
942 _cBK
999 _c37554
_d88033